000 00672nam a2200193 i 4500
001 61316
003 ES-MaACL
005 20230906164429.0
007 t|
008 031111s1964 sp ||||1| cat d
100 1 _aEvdokimov, Paul.
_948382
245 1 0 _aSagrament de l'amor
_b: el misteri conjugal a la llum de la tradicio ortodoxa /
_cPaul Evdokimov ; [traductor catalá: Joan Fortuny i Escoda].
250 _a[1ª ed.].
260 _aBarcelona :
_bAriel,
_c1964.
300 _a273 p., 2 lám. ;
_c19 cm.
650 4 _aMatrimonio-
_xAspectos religiosos-
_xIglesia Ortodoxa.
_9167453
700 1 _aFortuny i Escoda, Joan.
_951884
852 _aES-MaACL
_jG-8781
_bR.53969
999 _c61316
_d61316